Statistics for Steven Spielberg Movies Quiz

Click here to take the quiz!

General Stats

  • This quiz has been taken 31,899 times
    (28,331 since last reset)
  • The average score is 11 of 17

Answer Stats

DescriptionMovie% Correct
Reeses-loving alien wants to return to his home planetE.T.: The Extra-Terrestrial
98%
Giant great white shark has a taste for human fleshJaws
97%
Theme park owner brings dinosaurs back to life with predictable resultsJurassic Park
96%
Tomb-raiding archeologist must uncover a powerful religious artifactRaiders of the Lost Ark
95%
American soldiers must save a man whose three brothers have all been killedSaving Private Ryan
86%
Heroic industrialist saves Jews from the concentration campSchindler's List
84%
An FBI agent pursues an extemely-talented fraudsterCatch Me If You Can
64%
The true story of a gangly American PresidentLincoln
63%
Young man and thoroughbred horse are both exposed to the horrors of WWIWar Horse
58%
Aliens easily kill most of humanity but have bad immune systemsWar of the Worlds
48%
Robot wants to be a real boyArtificial Intelligence: AI
45%
In a dystopian future, crimes are predicted and prevented by psychicsMinority Report
45%
Mossad agents find and kill the terrorists who attacked the 1972 OlympicsMunich
45%
Intrepid Belgian reporter and his dog find a treasure mapThe Adventures of Tintin
43%
Space aliens abduct peopleClose Encounters of the
Third Kind
42%
Young black woman in the American South faces terrible domestic abuseThe Color Purple
37%
Captured slaves mutiny on a slave ship bound for CubaAmistad
29%

Score Distribution

Percentile by Number Answered

Percent of People with Each Score

Your Score History

You have not taken this quiz since the last reset